[Event "Druga liga Srbije grupa Vojvod"]
[Site "Sombor"]
[Date "2009.09.28"]
[Round "2.1"]
[White "Dekic, Josip"]
[Black "Nestorovic, Nikola"]
[Result "0-1"]
[WhiteElo "2323"]
[BlackElo "2412"]
[PlyCount "134"]
[EventDate "2009.09.27"]

1. e4 c5 2. Nf3 e6 3. d4 cxd4 4. Nxd4 Nc6 5. Nb5 d6 6. c4 Nf6 7. N1c3 a6 8. Na3
Be7 9. Be2 O-O 10. O-O b6 11. Be3 Ne5 12. f3 Qc7 13. Qd2 Bb7 14. Rfd1 Rac8 15.
Rac1 Ned7 16. Bf1 Qb8 17. Bf4 Ne5 18. Be3 Ned7 19. Bf4 Ne8 20. Kh1 Kh8 21. Nc2
Rg8 22. Ne3 g5 23. Bg3 Rg6 24. b4 h5 25. Na4 h4 26. Bf2 h3 27. Bg3 hxg2+ 28.
Bxg2 Bc6 29. b5 Ba8 30. bxa6 Qa7 31. Nc3 Qxa6 32. Nb5 Ndf6 33. Qb2 Rd8 34. Rc3
Kg8 35. Rcd3 Nh5 36. Bxd6 Nxd6 37. Nxd6 Bf6 38. e5 Bg7 39. Ra3 Bxe5 40. Qb3
Qxa3 41. Qxa3 Bc6 42. Ne4 Rxd1+ 43. Nxd1 Nf4 44. Qa6 Bxe4 45. fxe4 Bd4 46. e5
Kg7 47. Qb5 Rh6 48. a4 Rh4 49. a5 Rg4 50. Qd7 Bc5 51. Nc3 Rxg2 52. Qd1 bxa5 53.
Ne4 Rg1+ 54. Qxg1 Bxg1 55. Kxg1 Nd3 56. Nxg5 Nxe5 57. c5 a4 58. Ne4 a3 59. Nc3
Kf6 60. Na2 Nd3 61. c6 Ke7 62. h4 Ne5 63. Kf2 Nxc6 64. Ke3 f5 65. Kd3 Kf6 66.
Kc3 f4 67. Kb3 f3 0-1

[Event "Druga liga Srbije grupa Vojvod"]
[Site "Sombor"]
[Date "2009.09.28"]
[Round "2.1"]
[White "Djuric, Stefan"]
[Black "Balog, Imre"]
[Result "0-1"]
[WhiteElo "2414"]
[BlackElo "2464"]
[PlyCount "124"]
[EventDate "2009.09.27"]

1. c4 e6 2. Nc3 d5 3. d4 c6 4. e3 Nf6 5. Nf3 Nbd7 6. Bd3 dxc4 7. Bxc4 b5 8. Bd3
Bb7 9. O-O a6 10. a4 b4 11. Ne4 c5 12. Nxf6+ Qxf6 13. Nd2 Bd6 14. Qg4 h5 15.
Qe2 cxd4 16. exd4 Qf4 17. g3 Qg4 18. Ne4 Qxe2 19. Nxd6+ Ke7 20. Bxe2 Kxd6 21.
Bf4+ Ke7 22. Rac1 Rac8 23. Bc7 Nf6 24. Ba5 b3 25. h4 Ne4 26. Rfe1 Kd7 27. Bc4
g5 28. Bxb3 gxh4 29. Rxc8 Rxc8 30. gxh4 Nd6 31. d5 exd5 32. f3 Nf5 33. Kf2 Nd4
34. Bd1 Ne6 35. Bd2 Rc4 36. Kg3 Ng7 37. Bg5 Nf5+ 38. Kf2 Kd6 39. b3 Rc8 40.
Bf4+ Kd7 41. Bg5 Kd6 42. Bf4+ Kc6 43. Bg5 Nd6 44. Bf6 Rg8 45. Bc2 Bc8 46. Bd3
Ne8 47. Rc1+ Kb7 48. Bxa6+ Kxa6 49. Rxc8 Kb7 50. Rxe8 Rxe8 51. Bd4 Kc6 52. b4
Ra8 53. a5 Kb5 54. Bc5 Kc4 55. Ke3 d4+ 56. Kd2 Rg8 57. a6 Rg2+ 58. Ke1 Ra2 59.
a7 d3 60. Be3 Kxb4 61. Bd4 Kb3 62. f4 Kc2 0-1

[Event "Druga liga Srbije grupa Vojvod"]
[Site "Sombor"]
[Date "2009.09.28"]
[Round "2.1"]
[White "Klasan, Vladimir"]
[Black "Jotic, Vladimir"]
[Result "1-0"]
[WhiteElo "2320"]
[BlackElo "2323"]
[PlyCount "57"]
[EventDate "2009.09.27"]

1. e4 c5 2. Nf3 Nc6 3. Nc3 e6 4. d4 cxd4 5. Nxd4 Qc7 6. f4 a6 7. Nxc6 dxc6 8.
Bd3 e5 9. O-O Bc5+ 10. Kh1 Nf6 11. f5 b5 12. Qf3 Bb7 13. a4 h5 14. Bg5 O-O-O
15. axb5 axb5 16. Na2 Be7 17. Nc1 Ng4 18. Bxe7 Qxe7 19. Nb3 Kc7 20. c4 b4 21.
c5 Qg5 22. Ba6 Rb8 23. Bxb7 Rxb7 24. Ra6 Ne3 25. Rfa1 Nc2 26. Qd3 Nd4 27. Nxd4
exd4 28. Rxc6+ Kxc6 29. Qa6+ 1-0

[Event "Druga liga Srbije grupa Vojvod"]
[Site "Sombor"]
[Date "2009.09.28"]
[Round "2.1"]
[White "Roganovic, Milos"]
[Black "Svetushkin, Dmitry"]
[Result "1-0"]
[WhiteElo "2474"]
[BlackElo "2570"]
[PlyCount "59"]
[EventDate "2009.09.27"]

1. e4 c5 2. Nf3 e6 3. d4 cxd4 4. Nxd4 Nc6 5. Nc3 Qc7 6. Be3 a6 7. Bd3 Nf6 8.
O-O Bd6 9. f4 Nxd4 10. e5 Bc5 11. exf6 Nxc2 12. Bxc2 Bxe3+ 13. Kh1 gxf6 14. Qg4
Bd4 15. Qg7 Rf8 16. Bxh7 Bxc3 17. bxc3 Ke7 18. Be4 Qc4 19. Rae1 a5 20. g4 d5
21. Bf5 d4 22. g5 fxg5 23. fxg5 Bd7 24. g6 dxc3 25. Be4 Bc6 26. Qf6+ Kd6 27.
Qf4+ Kc5 28. Qe3+ Kb5 29. Rb1+ Ka4 30. Rf4 1-0

[Event "Druga liga Srbije grupa Vojvod"]
[Site "Sombor"]
[Date "2009.09.28"]
[Round "2.1"]
[White "Skoko, Milan"]
[Black "Strangar, Zlatko"]
[Result "0-1"]
[WhiteElo "2224"]
[BlackElo "2192"]
[PlyCount "100"]
[EventDate "2009.09.27"]

1. f4 d5 2. Nf3 Nf6 3. g3 c5 4. Bg2 Nc6 5. O-O Qc7 6. e3 Bf5 7. Nc3 e6 8. Nh4
Rd8 9. d3 Be7 10. Qe1 Bg6 11. h3 c4 12. Nxg6 hxg6 13. d4 a6 14. Nd1 Nb4 15. Qe2
Ne4 16. Bxe4 dxe4 17. Nf2 f5 18. a3 Nd5 19. h4 b5 20. c3 Kf7 21. Bd2 Ra8 22.
Kg2 Qd8 23. Rh1 Qg8 24. h5 gxh5 25. Rxh5 Rxh5 26. Qxh5+ g6 27. Qe2 Qg7 28. Rh1
Rh8 29. Qd1 g5 30. Rxh8 Qxh8 31. Qh1 Qxh1+ 32. Kxh1 Kg6 33. Kg2 gxf4 34. gxf4
Kh5 35. Nd1 Bh4 36. Kh3 Ne7 37. Bc1 Nc6 38. Kg2 Na5 39. b4 Nb3 40. Bb2 Kg4 41.
Nf2+ Bxf2 42. Kxf2 Kh3 43. Ke2 Kg2 44. a4 bxa4 45. Ba3 Na1 46. Bc1 Kg3 47. Bb2
Nc2 48. Kd2 a3 49. Kxc2 axb2 50. Kxb2 Kf3 0-1

[Event "Druga liga Srbije grupa Vojvod"]
[Site "Sombor"]
[Date "2009.09.28"]
[Round "2.1"]
[White "Tokovic, Svetozar"]
[Black "Nestorovic, Lazar"]
[Result "1/2-1/2"]
[WhiteElo "2236"]
[BlackElo "2259"]
[PlyCount "43"]
[EventDate "2009.09.27"]

1. Nf3 Nf6 2. g3 b6 3. Bg2 Bb7 4. O-O e6 5. c4 c5 6. Nc3 d6 7. d4 cxd4 8. Nxd4
Bxg2 9. Kxg2 Qc7 10. b3 a5 11. Bb2 Be7 12. Rc1 Nbd7 13. e4 Qb7 14. Qe2 O-O 15.
Rfd1 Rac8 16. Kg1 Rfd8 17. Nf3 Ng4 18. Ba3 Qc7 19. Nd4 Ngf6 20. Nf3 Ng4 21. Nd4
Ngf6 22. Nf3 1/2-1/2

[Event "Druga liga Srbije grupa Vojvod"]
[Site "Sombor"]
[Date "2009.09.28"]
[Round "2.2"]
[White "Lalic, Dragan"]
[Black "Vlatkovic, Milos"]
[Result "1-0"]
[WhiteElo "2353"]
[BlackElo "2302"]
[PlyCount "96"]
[EventDate "2009.09.27"]

1. Nf3 Nf6 2. d4 e6 3. Bg5 d5 4. e3 c5 5. c3 Qb6 6. Qb3 c4 7. Qc2 Ne4 8. Bf4 f5
9. Nbd2 Bd6 10. Ne5 Nxd2 11. Qxd2 Nd7 12. Nxd7 Bxd7 13. Bxd6 Qxd6 14. b3 b5 15.
a4 bxa4 16. bxc4 dxc4 17. Bxc4 Qc6 18. Bf1 O-O 19. f3 Rab8 20. Bd3 Rb3 21. c4
Rfb8 22. O-O Rb2 23. Qc1 Qa6 24. Rf2 a3 25. Rxb2 axb2 26. Qxb2 Rxb2 27. Rxa6
Rb3 28. Bf1 Rxe3 29. Rxa7 Be8 30. c5 Rc3 31. Re7 Bf7 32. Bb5 Kf8 33. Rb7 e5 34.
c6 exd4 35. c7 Be6 36. Kf2 f4 37. Ba6 Rc2+ 38. Kf1 d3 39. Bxd3 Rc1+ 40. Ke2 Bd7
41. Bb5 Bxb5+ 42. Kd2 Rc6 43. Rb8+ Kf7 44. c8=Q Rxc8 45. Rxc8 Bf1 46. g3 fxg3
47. hxg3 g5 48. Rc1 Bb5 1-0

[Event "Druga liga Srbije grupa Vojvod"]
[Site "Sombor"]
[Date "2009.09.28"]
[Round "2.2"]
[White "Levnajic, Pavle"]
[Black "Strbac, Mladen"]
[Result "0-1"]
[WhiteElo "2245"]
[BlackElo "2259"]
[PlyCount "54"]
[EventDate "2009.09.27"]

1. Nf3 e6 2. g3 f5 3. Bg2 Nf6 4. O-O d5 5. b3 c6 6. Bb2 Bd6 7. d3 O-O 8. Nbd2
f4 9. Ne5 Nfd7 10. Ndf3 Nxe5 11. Nxe5 Nd7 12. Nxd7 Bxd7 13. c4 Qb6 14. Rc1 d4
15. Rc2 c5 16. Qc1 Bc6 17. Bh3 Rf6 18. e4 Qc7 19. b4 Be5 20. bxc5 f3 21. Bg4
Raf8 22. Qa1 Qd8 23. Bc1 Rg6 24. h3 h5 25. Bxf3 Rxf3 26. Kg2 Rxd3 27. f4 Rgxg3+
0-1

[Event "Druga liga Srbije grupa Vojvod"]
[Site "Sombor"]
[Date "2009.09.28"]
[Round "2.2"]
[White "Mijatovic, Dejan"]
[Black "Damjanovic, Dragan"]
[Result "0-1"]
[WhiteElo "2283"]
[BlackElo "2255"]
[PlyCount "80"]
[EventDate "2009.09.27"]

1. d4 d5 2. c4 dxc4 3. Nf3 e6 4. e3 Nf6 5. Nc3 a6 6. a4 c5 7. Bxc4 Nc6 8. O-O
Be7 9. Qd3 O-O 10. Rd1 cxd4 11. exd4 Nb4 12. Qe2 b6 13. Ne5 Bb7 14. Be3 Nbd5
15. Bd2 Qd6 16. Rac1 Rfd8 17. Re1 Rdc8 18. Nb1 Nc7 19. Bc3 b5 20. axb5 axb5 21.
Bb3 b4 22. Bd2 Ncd5 23. Bg5 h6 24. Bd2 Rxc1 25. Rxc1 Nb6 26. Be3 Nfd5 27. Nd2
Nxe3 28. fxe3 Bd5 29. Bxd5 Qxd5 30. Qf3 Bf6 31. Nd3 Qb5 32. Nc5 Nd5 33. Nde4
Be7 34. Rf1 Rf8 35. Nb3 Qd3 36. Nec5 Qxe3+ 37. Qxe3 Nxe3 38. Ra1 Rd8 39. Ra4
Nc2 40. Ra7 Bf6 0-1

[Event "Druga liga Srbije grupa Vojvod"]
[Site "Sombor"]
[Date "2009.09.28"]
[Round "2.2"]
[White "Somborski, Nebojsa"]
[Black "Galyas, Miklos"]
[Result "1/2-1/2"]
[WhiteElo "2379"]
[BlackElo "2464"]
[PlyCount "23"]
[EventDate "2009.09.27"]

1. e4 e6 2. d4 d5 3. Nd2 Be7 4. Bd3 c5 5. dxc5 Nf6 6. Qe2 O-O 7. Ngf3 a5 8. a4
Na6 9. e5 Nd7 10. Nb3 Naxc5 11. Nxc5 Nxc5 12. Bb5 1/2-1/2

[Event "Druga liga Srbije grupa Vojvod"]
[Site "Sombor"]
[Date "2009.09.28"]
[Round "2.2"]
[White "Vlahovic, Bogdan"]
[Black "Bodiroga, Predrag"]
[Result "1/2-1/2"]
[WhiteElo "2368"]
[BlackElo "2410"]
[PlyCount "49"]
[EventDate "2009.09.27"]

1. Nf3 d5 2. g3 Bg4 3. b3 Nd7 4. Bb2 Ngf6 5. Bg2 e6 6. O-O Be7 7. c4 c6 8. d3
O-O 9. Nbd2 a5 10. Rb1 Re8 11. h3 Bh5 12. g4 Bg6 13. Nh4 Nf8 14. Ndf3 N6d7 15.
Nxg6 Nxg6 16. e3 Bd6 17. d4 h6 18. Qc2 Qe7 19. Rfe1 Rad8 20. Bc3 Bb4 21. a4 Nf6
22. Bxb4 Qxb4 23. Red1 c5 24. dxc5 Qxc5 25. Nd4 1/2-1/2

[Event "Druga liga Srbije grupa Vojvod"]
[Site "Sombor"]
[Date "2009.09.28"]
[Round "2.2"]
[White "Vukic, Radivoj"]
[Black "Sevo, Dusan"]
[Result "1/2-1/2"]
[WhiteElo "2350"]
[BlackElo "2268"]
[PlyCount "73"]
[EventDate "2009.09.27"]

1. Nf3 g6 2. c4 Bg7 3. e4 d6 4. d4 Nd7 5. Nc3 e5 6. Bg5 Ngf6 7. Be2 h6 8. Bh4
c6 9. O-O Qb6 10. dxe5 dxe5 11. Na4 Qa5 12. Nd2 O-O 13. a3 Nc5 14. Nxc5 Qxc5
15. b4 Qd4 16. Bxf6 Bxf6 17. Qc2 Be6 18. Nb3 Qd6 19. Rad1 Qe7 20. Na5 Rfc8 21.
c5 b6 22. cxb6 axb6 23. Nxc6 Qe8 24. b5 Rxa3 25. Bc4 Rca8 26. Bd5 Bxd5 27. Rxd5
Ra2 28. Qc1 Kg7 29. Qe3 Rb2 30. Qxb6 Re2 31. Qc5 Raa2 32. Nxe5 Rac2 33. Qd6
Rxe4 34. Nd3 Rcc4 35. b6 Re6 36. Qd7 Qxd7 37. Rxd7 1/2-1/2

[Event "Druga liga Srbije grupa Vojvod"]
[Site "Sombor"]
[Date "2009.09.28"]
[Round "2.3"]
[White "Cecaric, Milan"]
[Black "Orlov, Konstantin"]
[Result "1/2-1/2"]
[WhiteElo "1945"]
[BlackElo "2267"]
[PlyCount "84"]
[EventDate "2009.09.27"]

1. e4 c5 2. g3 d6 3. Nc3 Nc6 4. Bg2 g6 5. Nf3 Bg7 6. d3 Nf6 7. O-O O-O 8. Bg5
Rb8 9. Re1 h6 10. Bd2 e5 11. a4 Be6 12. Nh4 d5 13. exd5 Nxd5 14. Ne4 b6 15. a5
Nd4 16. axb6 axb6 17. Qc1 Kh7 18. Ra7 Nc6 19. Ra3 Ra8 20. Qa1 Rxa3 21. Qxa3 Nd4
22. Qa4 f5 23. Nc3 Nb4 24. Rc1 Nbxc2 25. Nf3 Bb3 26. Qa6 Nb4 27. Qa7 Nxf3+ 28.
Bxf3 e4 29. Be2 Nc6 30. Qa6 c4 31. Be3 cxd3 32. Bd1 Bxd1 33. Nxd1 Nd4 34. Rc4
Qa8 35. Qxb6 Qa1 36. Bxd4 Qxd1+ 37. Kg2 Qf3+ 38. Kh3 Qg4+ 39. Kg2 Qf3+ 40. Kh3
Qh5+ 41. Kg2 Qf3+ 42. Kh3 Qg4+ 1/2-1/2

[Event "Druga liga Srbije grupa Vojvod"]
[Site "Sombor"]
[Date "2009.09.28"]
[Round "2.3"]
[White "Indjic, Aleksandar"]
[Black "Radlovacki, Jovan"]
[Result "0-1"]
[WhiteElo "2119"]
[BlackElo "2379"]
[PlyCount "102"]
[EventDate "2009.09.27"]

1. d4 Nf6 2. Nf3 e6 3. Bg5 Be7 4. Nbd2 d5 5. e3 c5 6. c3 Nc6 7. Bd3 O-O 8. O-O
b6 9. Qe2 Bb7 10. Rad1 Qc7 11. dxc5 bxc5 12. e4 h6 13. Bh4 Nh5 14. Bg3 Nxg3 15.
hxg3 c4 16. Bc2 Bc5 17. e5 f6 18. exf6 Rxf6 19. Kh2 Raf8 20. b3 cxb3 21. axb3
Qf7 22. Nh4 g5 23. Ng6 Rxg6 24. Bxg6 Qxg6 25. g4 Qf6 26. g3 Qxf2+ 27. Qxf2
Rxf2+ 28. Kh3 Rxf1 29. Rxf1 Kg7 30. c4 Be3 31. Rd1 Ne5 32. Nf1 Bb6 33. Rc1 Nd3
34. Rc2 Nf2+ 35. Kh2 Nxg4+ 36. Kh3 Nf2+ 37. Kh2 dxc4 38. bxc4 Bc5 39. Rb2 Bc6
40. Rb8 Ng4+ 41. Kh3 h5 42. Rc8 Ne5 43. Nd2 Bg1 44. Nb3 Kg6 45. Rg8+ Kf6 46.
Rc8 Bb7 47. Rb8 Be4 48. g4 hxg4+ 49. Kg3 Be3 50. Rf8+ Kg7 51. Rf1 Bf3 0-1

[Event "Druga liga Srbije grupa Vojvod"]
[Site "Sombor"]
[Date "2009.09.28"]
[Round "2.3"]
[White "Kostic, Vladimir V"]
[Black "Pezelj, Sinisa"]
[Result "0-1"]
[WhiteElo "2296"]
[BlackElo "2057"]
[PlyCount "70"]
[EventDate "2009.09.27"]

1. c4 d6 2. g3 c6 3. Bg2 g6 4. Nc3 Bg7 5. e4 e5 6. Nge2 Ne7 7. d3 O-O 8. Be3
Nd7 9. Qd2 a5 10. h4 Nf6 11. Bg5 Be6 12. Rd1 d5 13. exd5 cxd5 14. b3 d4 15. Ne4
Nxe4 16. Bxe4 Qc7 17. Bh6 f5 18. Bf3 Bd7 19. Bxg7 Kxg7 20. Ng1 Bc6 21. Qe2 Rae8
22. Kf1 e4 23. Bg2 Ng8 24. Nh3 Nf6 25. Qb2 e3 26. Re1 exf2 27. Qxf2 Rxe1+ 28.
Qxe1 Re8 29. Qf2 Re3 30. Nf4 Bxg2+ 31. Qxg2 Qe7 32. Qb2 Rf3+ 33. Kg2 Qe3 34.
Qxd4 Rxg3+ 35. Kh2 Rh3+ 0-1

[Event "Druga liga Srbije grupa Vojvod"]
[Site "Sombor"]
[Date "2009.09.28"]
[Round "2.3"]
[White "Popovic, Milos T"]
[Black "Elez, Nikola"]
[Result "1-0"]
[WhiteElo "2401"]
[BlackElo "2179"]
[PlyCount "77"]
[EventDate "2009.09.27"]

1. d4 d6 2. c4 e5 3. Nf3 e4 4. Nfd2 f5 5. e3 Nf6 6. Nc3 Be7 7. Be2 O-O 8. f3
exf3 9. Bxf3 Ng4 10. Qe2 Bg5 11. Bxg4 fxg4 12. Nde4 Nc6 13. Bd2 Nb4 14. Rc1 Bf5
15. O-O Bh6 16. a3 Nc6 17. Ng3 Qg5 18. Nxf5 Rxf5 19. Rxf5 Qxf5 20. Nb5 Re8 21.
d5 a6 22. dxc6 axb5 23. cxb7 Qe4 24. cxb5 Qxb7 25. a4 d5 26. Qxg4 Qb6 27. Qd7
Bxe3+ 28. Kh1 Rf8 29. Qxd5+ Kh8 30. a5 Qh6 31. Bxe3 Qxe3 32. Qc4 Qf2 33. b4 h5
34. a6 h4 35. h3 Rc8 36. Rf1 Qb6 37. Qxh4+ Kg8 38. Qc4+ Kh8 39. Rf4 1-0

[Event "Druga liga Srbije grupa Vojvod"]
[Site "Sombor"]
[Date "2009.09.28"]
[Round "2.5"]
[White "Krstic, Petar"]
[Black "Stojanovic, Zoran"]
[Result "1-0"]
[WhiteElo "2333"]
[BlackElo "2266"]
[PlyCount "79"]
[EventDate "2009.09.27"]

1. e4 c6 2. d4 d5 3. Nc3 dxe4 4. Nxe4 Nd7 5. Bd3 Ngf6 6. Ng5 e6 7. N1f3 Bd6 8.
Qe2 h6 9. Ne4 Nxe4 10. Qxe4 Nf6 11. Qh4 Qa5+ 12. Bd2 Qh5 13. Qxh5 Nxh5 14. Ne5
Nf6 15. f4 O-O 16. g4 c5 17. dxc5 Bxe5 18. fxe5 Nd7 19. O-O-O Nxc5 20. Bb4 b6
21. Bxc5 bxc5 22. Be4 Rb8 23. Rd6 Bb7 24. Bxb7 Rxb7 25. c4 Rc7 26. Rhd1 Rfc8
27. h4 Kf8 28. Ra6 Ke7 29. Rdd6 Rb8 30. Kc2 Rbb7 31. Kc3 Rd7 32. a3 Rxd6 33.
exd6+ Kd7 34. b4 cxb4+ 35. axb4 f5 36. c5 Kd8 37. c6 Rf7 38. d7 Rf6 39. b5 f4
40. Rxa7 1-0

[Event "Druga liga Srbije grupa Vojvod"]
[Site "Sombor"]
[Date "2009.09.28"]
[Round "2.5"]
[White "Miranovic, Rajko"]
[Black "Munizaba, Slobodan"]
[Result "0-1"]
[WhiteElo "2385"]
[BlackElo "2339"]
[PlyCount "76"]
[EventDate "2009.09.27"]

1. e4 c5 2. Nf3 d6 3. d4 cxd4 4. Nxd4 Nf6 5. Nc3 Nc6 6. Bg5 e6 7. Qd2 a6 8.
O-O-O Bd7 9. f3 Be7 10. h4 Rc8 11. Nxc6 Rxc6 12. Ne2 h6 13. Be3 e5 14. Nc3 Qa5
15. Kb1 Bd8 16. g4 Bb6 17. Bxb6 Qxb6 18. Nd5 Nxd5 19. exd5 Rc7 20. Bd3 Qc5 21.
Be4 O-O 22. Rhg1 f5 23. gxf5 Bxf5 24. Bxf5 Rxf5 25. Rg3 Rf4 26. Rdg1 Rxf3 27.
R3g2 Rf4 28. h5 Rcf7 29. a3 Rf2 30. Qd3 Rxg2 31. Rxg2 Rf6 32. Rg6 Rxg6 33. hxg6
Qg1+ 34. Ka2 Qg4 35. Qc3 e4 36. Qc7 Qxg6 37. Qxb7 e3 38. c4 Qe4 0-1

[Event "Druga liga Srbije grupa Vojvod"]
[Site "Sombor"]
[Date "2009.09.28"]
[Round "2.5"]
[White "Rogac, Srdjan"]
[Black "Stajic, Petar"]
[Result "1/2-1/2"]
[WhiteElo "2289"]
[BlackElo "2193"]
[PlyCount "56"]
[EventDate "2009.09.27"]

1. e4 c5 2. c3 Nf6 3. e5 Nd5 4. g3 e6 5. Bg2 Nc6 6. Nf3 d6 7. exd6 Bxd6 8. O-O
O-O 9. Na3 Ne5 10. Nxe5 Bxe5 11. Qe2 Bf6 12. Nc4 Qc7 13. Ne3 Nxe3 14. dxe3 Bd7
15. e4 Bc6 16. Bf4 e5 17. Be3 b6 18. Rad1 Rad8 19. f4 Rxd1 20. Rxd1 Rd8 21. Rd2
Rxd2 22. Qxd2 Qd7 23. Qe2 Bb5 24. c4 Ba4 25. b3 Bc6 26. f5 Qd8 27. Qd2 Qxd2 28.
Bxd2 Be7 1/2-1/2

[Event "Druga liga Srbije grupa Vojvod"]
[Site "Sombor"]
[Date "2009.09.28"]
[Round "2.5"]
[White "Solodovnichenko, Yuri"]
[Black "Bogosavljevic, Boban"]
[Result "1/2-1/2"]
[WhiteElo "2601"]
[BlackElo "2528"]
[PlyCount "136"]
[EventDate "2009.09.27"]

1. e4 c5 2. Nf3 Nc6 3. d4 cxd4 4. Nxd4 Nf6 5. Nc3 e5 6. Ndb5 d6 7. Bg5 a6 8.
Na3 b5 9. Nd5 Be7 10. Bxf6 Bxf6 11. c4 Bg5 12. cxb5 Nd4 13. bxa6 Qa5+ 14. Nc3
Bxa6 15. Bxa6 Qxa6 16. Nc2 O-O 17. Nb4 Qb7 18. Ncd5 f5 19. O-O fxe4 20. Qg4 Bf4
21. Rad1 Ra5 22. Rxd4 exd4 23. Nxf4 Qxb4 24. Ne6 Rf7 25. Nd8 Re5 26. Nxf7 Kxf7
27. Qd7+ Kg6 28. f4 exf3 29. Qg4+ Kh6 30. Qh3+ Kg6 31. Qg4+ Kh6 32. Qh3+ Kg6
33. Qxf3 Qxb2 34. h3 h5 35. Qd3+ Kh6 36. Rf8 Qc3 37. Rf3 Qxd3 38. Rxd3 Rd5 39.
Kf2 Kg6 40. Rf3 Rc5 41. Rd3 Rc4 42. Ke2 Kf5 43. Kd2 g5 44. a3 Ra4 45. Rb3 Ke4
46. Ke2 Rc4 47. Kd2 h4 48. Rf3 Ra4 49. Rb3 Ra5 50. Ke2 g4 51. hxg4 Rg5 52. a4
Rxg4 53. Kf2 Rg5 54. Rh3 Rh5 55. Ke2 Kd5 56. g3 Re5+ 57. Kd2 hxg3 58. Rxg3 Kc4
59. Rg1 Rh5 60. Rc1+ Kd5 61. Ra1 Rh2+ 62. Kd3 Rh3+ 63. Kd2 Kc4 64. Rc1+ Rc3 65.
a5 Rxc1 66. Kxc1 Kb5 67. Kd2 Kxa5 68. Kd3 d5 1/2-1/2

[Event "Druga liga Srbije grupa Vojvod"]
[Site "Sombor"]
[Date "2009.09.28"]
[Round "2.5"]
[White "Toth, Aleksandar"]
[Black "Mozetic, Dejan"]
[Result "1/2-1/2"]
[WhiteElo "2307"]
[BlackElo "2421"]
[PlyCount "34"]
[EventDate "2009.09.27"]

1. e4 g6 2. d4 Bg7 3. Nc3 d6 4. f4 a6 5. Nf3 b5 6. Bd3 Nd7 7. a4 b4 8. Ne2 Ngf6
9. e5 Nd5 10. O-O O-O 11. Bd2 a5 12. Ng3 e6 13. h4 f5 14. exf6 N7xf6 15. c3
bxc3 16. bxc3 Ng4 17. Qc1 c5 1/2-1/2

[Event "Druga liga Srbije grupa Vojvod"]
[Site "Sombor"]
[Date "2009.09.28"]
[Round "2.6"]
[White "Kolognat, Petar"]
[Black "Kotrla, Stefan"]
[Result "0-1"]
[WhiteElo "2305"]
[BlackElo "1923"]
[PlyCount "84"]
[EventDate "2009.09.27"]

1. d4 Nf6 2. Nc3 e6 3. e4 d5 4. Bg5 Be7 5. e5 Nfd7 6. h4 a6 7. Nf3 c5 8. dxc5
Nxc5 9. Qd4 h6 10. Bxe7 Qxe7 11. g4 Nc6 12. Qe3 b5 13. Bd3 Bb7 14. Nd4 Nxd3+
15. cxd3 Qb4 16. Nxc6 Bxc6 17. d4 Qxb2 18. O-O b4 19. Ne2 Bb5 20. Rfe1 Bxe2 21.
Qxe2 Qxd4 22. a3 O-O 23. axb4 Qxb4 24. Qf3 Rfc8 25. Rab1 Qe7 26. Qg3 Rc4 27.
Rec1 Rac8 28. Rxc4 dxc4 29. g5 hxg5 30. hxg5 c3 31. g6 c2 32. Rc1 Qd7 33. gxf7+
Kxf7 34. Qf4+ Kg8 35. Qg4 a5 36. Qe2 Qc6 37. f4 a4 38. f5 exf5 39. e6 Qc5+ 40.
Kh2 Rc7 41. Qd3 Qe5+ 42. Kg1 Rc3 0-1

[Event "Druga liga Srbije grupa Vojvod"]
[Site "Sombor"]
[Date "2009.09.28"]
[Round "2.6"]
[White "Kotrla, Sebastijan"]
[Black "Stanojevic, Branko"]
[Result "1/2-1/2"]
[WhiteElo "2052"]
[BlackElo "2285"]
[PlyCount "29"]
[EventDate "2009.09.27"]

1. c4 Nf6 2. Nc3 g6 3. g3 Bg7 4. Bg2 O-O 5. e4 d6 6. Nge2 e5 7. d4 Nc6 8. O-O
Bg4 9. f3 Bd7 10. Be3 a6 11. d5 Ne7 12. b4 Nh5 13. Qd2 f5 14. Rac1 a5 15. a3
1/2-1/2